1895 1041 1287 1023 1833 1252 1868 1403 1966 1007 1407 1683 1763 1172 1674 1310 1177 1117 1073 1953 1819 1965 1551 1942 1987 1537 1702 1544 1099 1933 1013 1340 1596 1655 1599 1574 1812 1104 1908 1880 1996 1287 1637 1161 1546 1509 1338 1750 1307 1602 1012 1324 1716 1187 1476 1517 1484 1168 1635 1858 1424 1741 1216 1695 1896 1430 1474 1732 1184 1814 1987 1130 1134 1591 1629 1951 1816 1814 1181 1556 1806 1985 1741 1469 1636 1584 1614 1092 1014 1517 1132 1695 1158 1980 1016 1416 1521 1101 1117 BCNSPRNW ULIB Ver.6.0+V

เปลี่ยนเป็นภาษาไทย

Change to English
 แสดงรายละเอียดบรรณานุกรม
  กลับหน้าหลัก

Brief Record : Get Marc (ISO 2709) : E-mail record : QR code < ปิดหน้าต่าง
LEADER : 00000nam 2200000uu 4500
001    13399123193
003     ULIB
008    020711s2551 th a 000 0 tha d
020    9789741034529
050    ็HD37^bJ111ส
100    จอห์น ซี. แม็กซ์เวลล์,^eเขียน
245    17สูตรสำเร็จสร้างทีมเวิร์ก /^cจอห์น ซี. แม็กซ์เวลล์ ; เขียน,ไพบูลย์ สำราญภูติ ; แปล
260    กรุงเทพฯ :^bDMG Books,^c2551
300    320 หน้า;^b23 ซม.
650    การบริหารงานบุคคล
650    การทำงานเป็นทีม
700    ไพบูลย์ สำราญภูติ,^eแปล
945    ^p300^l0^i15197
รายการนี้ยังไม่มีแท็ก
คุณยังไม่ได้ล็อกอิน คุณสามารถมีกิจกรรมร่วมกับเว็บไซต์ได้ แต่ต้องล็อกอินก่อน ::
  ล็อกอิน

รายการสื่อสารสนเทศ

ลำดับที่ ประเภท เลขเรียก/บาร์โค้ด สถานที่ สถานะ
1. การศึกษาทั่วไป
การศึกษาทั่วไป
็HD37 J111ส ฉ.1 
  Barcode: 15197
ห้องสมุดวิทยาเขตนครสวรรค์
►หนังสือทั่วไป:l:General Books
บนชั้น

รายการใกล้เคียง
    หัวเรื่อง [การบริหารงานบุคคล]
    หัวเรื่อง [การทำงานเป็นทีม]

BibComment


ยังไม่เคยถูกคอมเมนท์

คอมเมนท์ทรัพยากรรายการนี้
  คอมเมนท์: 17สูตรสำเร็จสร้าง..


 Copyright 2026. Bcnsprnw @Library